000 00295nam a2200133Ia 4500
008 150301s2015 xx 000 0 und d
082 _a615.4
_bC09N
100 _aR.K NEMA
245 _aTB OF COSMETICS
260 _bCBS- DELHI
300 _a324
650 _aPHARMACEUTICS
942 _2ddc
_cBK
_01
999 _c7233
_d7233